[Event "GRE-chT 40th"]
[Site "Achaia"]
[Date "2012.07.01"]
[Round "3.2"]
[White "Zawadzka, Jolanta"]
[Black "Papadopoulou, Vera"]
[Result "0-1"]
[WhiteElo "2361"]
[BlackElo "2189"]
[PlyCount "72"]
[EventDate "2012.06.30"]
[EventType "team-swiss"]
[EventRounds "7"]
[EventCountry "GRE"]
[SourceTitle "CBM 149 Extra"]
[Source "ChessBase"]
[SourceDate "2012.08.24"]
[SourceVersion "1"]
[SourceVersionDate "2012.08.24"]
[SourceQuality "1"]
[WhiteTeam "Thessaloniki"]
[BlackTeam "Peristeriou"]
[WhiteTeamCountry "GRE"]
[BlackTeamCountry "GRE"]

1. e4 c5 2. Nf3 e6 3. d4 cxd4 4. Nxd4 Nc6 5. Nc3 a6 6. Nxc6 bxc6 7. Bd3 d5 8. 0-0 Nf6 9. Qe2 Be7 10. b3 0-0 11. Bb2 Bb7 12. Rae1 Qc7 13. f4 Rfe8 14. Kh1 c5 15. e5 Nd7 16. f5 exf5 17. Rxf5 Bf6 18. Na4 d4 19. c3 Rxe5 20. Rxe5 Bxe5 21. Bf5 dxc3 22. Nxc3 Bf6 23. Qd3 Nf8 24. Be4 Bxe4 25. Qxe4 Qa7 26. Qc4 Rd8 27. Ba3 Ne6 28. Ne4 Bd4 29. Rd1 Qb6 30. Rc1 Be3 31. Rf1 Qb5 32. h3 Qxc4 33. bxc4 Rd3 34. Bb2 h6 35. Be5 f6 36. Bc7 Nxc7 0-1

[Event "Catalunya-chT"]
[Site "Catalunya"]
[Date "2012.02.25"]
[Round "5.9"]
[White "Bofill Mas, Alejandro"]
[Black "Papadopoulou, Vera"]
[Result "1-0"]
[WhiteElo "2344"]
[BlackElo "2182"]
[PlyCount "81"]
[EventDate "2012.01.28"]
[EventType "team-tourn"]
[EventRounds "11"]
[EventCountry "ESP"]
[SourceTitle "EXT 2013"]
[Source "ChessBase"]
[SourceDate "2012.11.22"]
[SourceVersion "1"]
[SourceVersionDate "2012.11.22"]
[SourceQuality "1"]
[WhiteTeam "Barcelona Escola Escacs"]
[BlackTeam "Badalona Sant Josep"]
[WhiteTeamCountry "ESP"]
[BlackTeamCountry "ESP"]

1. c4 Nf6 2. g3 g6 3. Bg2 Bg7 4. Nc3 d6 5. e4 e5 6. Nge2 0-0 7. 0-0 Be6 8. d3 Qd7 9. f4 Bh3 10. f5 Bxg2 11. Kxg2 c6 12. h3 Na6 13. g4 h6 14. g5 hxg5 15. Bxg5 Nc7 16. Ng3 b5 17. Qf3 Rab8 18. b3 b4 19. Nce2 d5 20. Rf2 dxc4 21. dxc4 c5 22. Raf1 Rb6 23. Qe3 Qc6 24. Kh2 Nce8 25. Ng1 a5 26. Nf3 Qc7 27. Bh6 Ra6 28. Nh4 Kh7 29. Bxg7 Kxg7 30. fxg6 fxg6 31. Qg5 Nh7 32. Nh5+ Kg8 33. Rxf8+ Nxf8 34. Qh6 Qe7 35. Nf5 Qh7 36. Qg5 Qxh5 37. Nh6+ Kh7 38. Qe7+ Ng7 39. Ng4 Nd7 40. Rf7 Rd6 41. Qxd6 1-0

[Event "Barcelona IM"]
[Site "Barcelona"]
[Date "2010.12.07"]
[Round "4"]
[White "Colon Garcia, Enrique"]
[Black "Papadopoulou, Vera"]
[Result "1/2-1/2"]
[WhiteElo "2235"]
[BlackElo "2241"]
[PlyCount "88"]
[EventDate "2010.12.04"]
[EventType "tourn"]
[EventRounds "9"]
[EventCountry "ESP"]
[EventCategory "3"]
[SourceTitle "CBM 139 Extra"]
[Source "ChessBase"]
[SourceDate "2011.01.05"]
[SourceVersion "1"]
[SourceVersionDate "2011.01.05"]
[SourceQuality "1"]

1. e4 c5 2. Nf3 d6 3. d4 cxd4 4. Nxd4 Nf6 5. Nc3 a6 6. Be2 e5 7. Nb3 Be7 8. 0-0 0-0 9. Re1 Qc7 10. a4 b6 11. Bf3 h6 12. Nd2 Nc6 13. Nf1 Nd4 14. Be3 Nxf3+ 15. Qxf3 Be6 16. Ng3 Bg4 17. Nd5 Qd7 18. Nxe7+ Kh8 19. Qxf6 gxf6 20. Nd5 h5 21. Ra3 f5 22. exf5 Bxf5 23. Nxh5 Rg8 24. Nhf6 Qe6 25. h4 Rg6 26. Bg5 Rxf6 27. Bxf6+ Kh7 28. c4 Rg8 29. Bg5 Rg6 30. Nxb6 f6 31. Bd2 Bh3 32. g3 Qg4 33. Kh2 f5 34. Nd5 Qd4 35. Be3 Qxb2 36. Raa1 f4 37. Rab1 fxg3+ 38. Kxh3 gxf2 39. Rf1 Qe2 40. Rb7+ Kh8 41. Rb8+ Kh7 42. Rb7+ Kh8 43. Rb8+ Kh7 44. Rb7+ Kh8 1/2-1/2

[Event "Barcelona IM"]
[Site "Barcelona"]
[Date "2010.12.04"]
[Round "1"]
[White "Ryan, Joseph"]
[Black "Papadopoulou, Vera"]
[Result "1/2-1/2"]
[WhiteElo "2302"]
[BlackElo "2241"]
[PlyCount "98"]
[EventDate "2010.12.04"]
[EventType "tourn"]
[EventRounds "9"]
[EventCountry "ESP"]
[EventCategory "3"]
[SourceTitle "CBM 139 Extra"]
[Source "ChessBase"]
[SourceDate "2011.01.05"]
[SourceVersion "1"]
[SourceVersionDate "2011.01.05"]
[SourceQuality "1"]

1. e4 c5 2. Nf3 d6 3. d4 cxd4 4. Nxd4 Nf6 5. Nc3 a6 6. g3 g6 7. Bg2 Bg7 8. 0-0 0-0 9. Re1 Nc6 10. Nde2 Rb8 11. Nd5 Nd7 12. c3 b5 13. Bg5 h6 14. Be3 e6 15. Nb4 Nxb4 16. cxb4 Nb6 17. Bd4 e5 18. Be3 Be6 19. b3 Kh7 20. Qd2 Qd7 21. Rac1 Rfd8 22. Red1 d5 23. Bxb6 Rxb6 24. exd5 f5 25. Rc5 Rd6 26. Qc2 Qe7 27. a4 bxa4 28. bxa4 e4 29. Qc4 Bg8 30. b5 axb5 31. axb5 Qe5 32. Rc7 Rxd5 33. Rxd5 Rxd5 34. Bf1 Rxb5 35. Qc3 Qxc3 36. Nxc3 Rb2 37. Nb5 h5 38. h4 Kh6 39. Rc6 Bd5 40. Rd6 Ba2 41. Ra6 e3 42. fxe3 Be5 43. Nd4 Bxd4 44. exd4 Rd2 45. Rd6 Bb1 46. Bg2 Rd1+ 47. Kf2 Rd2+ 48. Kf1 Rd1+ 49. Kf2 Rd2+ 1/2-1/2

[Event "GRE-ch (Women) 33rd"]
[Site "Chania"]
[Date "2010.11.30"]
[Round "8"]
[White "Papadopoulou, Vera"]
[Black "Makka, Ioulia"]
[Result "1-0"]
[WhiteElo "2208"]
[BlackElo "2114"]
[PlyCount "105"]
[EventDate "2010.11.23"]
[EventType "tourn"]
[EventRounds "9"]
[EventCountry "GRE"]
[SourceTitle "CBM 139 Extra"]
[Source "ChessBase"]
[SourceDate "2011.01.05"]
[SourceVersion "1"]
[SourceVersionDate "2011.01.05"]
[SourceQuality "1"]

1. d4 d5 2. c4 c6 3. cxd5 cxd5 4. Nc3 Nf6 5. Bf4 a6 6. e3 Nc6 7. Rc1 Bf5 8. Nf3 e6 9. Qb3 Ra7 10. Ne5 Nxe5 11. Bxe5 Nd7 12. Bg3 Be7 13. Be2 0-0 14. 0-0 b5 15. a4 b4 16. Nb1 Qb6 17. Nd2 h6 18. f3 Rb7 19. Rfd1 Bg6 20. a5 Qxa5 21. Ra1 Qd8 22. Bxa6 Ra7 23. Bb5 Rxa1 24. Rxa1 Nb8 25. Rc1 Qb6 26. Qa4 Bg5 27. Kf2 f5 28. Bc7 Qb7 29. Bd6 Rc8 30. Rxc8+ Qxc8 31. Qa8 Kh7 32. Qxb8 Qc2 33. Bxb4 f4 34. exf4 Bf6 35. Kg3 Bxd4 36. Bd7 Bf5 37. Be8 g5 38. Bf7 gxf4+ 39. Kxf4 e5+ 40. Kg3 Bc8 41. Bh5 Qc1 42. Bg4 Bxg4 43. Kxg4 Qc6 44. Qd6 Qc8+ 45. Kh4 Qf5 46. Qe7+ Kg8 47. g4 Qf4 48. Kh5 Qe3 49. Qe8+ Kh7 50. Qg6+ Kh8 51. Qxh6+ Qxh6+ 52. Kxh6 Bxb2 53. Kg6 1-0

[Event "GRE-ch (Women) 33rd"]
[Site "Chania"]
[Date "2010.11.24"]
[Round "2"]
[White "Papadopoulou, Vera"]
[Black "Ikonomopoulou, Maria"]
[Result "1-0"]
[WhiteElo "2208"]
[BlackElo "2160"]
[PlyCount "85"]
[EventDate "2010.11.23"]
[EventType "tourn"]
[EventRounds "9"]
[EventCountry "GRE"]
[SourceTitle "CBM 139 Extra"]
[Source "ChessBase"]
[SourceDate "2011.01.05"]
[SourceVersion "1"]
[SourceVersionDate "2011.01.05"]
[SourceQuality "1"]

1. d4 Nf6 2. c4 e6 3. Nc3 Bb4 4. e3 0-0 5. a3 Bxc3+ 6. bxc3 Nc6 7. Bd3 b6 8. Nf3 d6 9. 0-0 Ba6 10. e4 e5 11. Bb2 Re8 12. Nd2 Na5 13. f4 exf4 14. Rxf4 c5 15. Qf3 Rc8 16. Rf1 Re6 17. Rf5 Qe7 18. Qg3 Nd7 19. Rxf7 Qxf7 20. Rxf7 Kxf7 21. Qf4+ Rf6 22. Qg4 Rc7 23. e5 dxe5 24. d5 g6 25. Ne4 h5 26. Qg5 Bxc4 27. Nxf6 Bxd3 28. d6 Rb7 29. Nxd7 Rxd7 30. Qxe5 c4 31. Bc1 Nb7 32. Qd5+ Kg7 33. Bf4 Nc5 34. Qe5+ Kh7 35. Qe7+ Kg8 36. Qe8+ Kg7 37. Be5+ Kh6 38. h4 g5 39. Qf8+ Kh7 40. Qh8+ Kg6 41. Qf6+ Kh7 42. hxg5 a5 43. g6+ 1-0

[Event "GRE-ch (Women) 33rd"]
[Site "Chania"]
[Date "2010.11.23"]
[Round "1"]
[White "Papadopoulou, Vera"]
[Black "Fakhiridou, Ekaterini"]
[Result "1/2-1/2"]
[WhiteElo "2208"]
[BlackElo "2208"]
[PlyCount "60"]
[EventDate "2010.11.23"]
[EventType "tourn"]
[EventRounds "9"]
[EventCountry "GRE"]
[SourceTitle "CBM 139 Extra"]
[Source "ChessBase"]
[SourceDate "2011.01.05"]
[SourceVersion "1"]
[SourceVersionDate "2011.01.05"]
[SourceQuality "1"]

1. d4 Nf6 2. c4 e6 3. Nc3 Bb4 4. e3 c5 5. Bd3 cxd4 6. exd4 0-0 7. Nf3 d5 8. 0-0 dxc4 9. Bxc4 a6 10. Qd3 Nbd7 11. Rd1 b5 12. Bb3 Bb7 13. Bg5 Be7 14. Rac1 b4 15. Na4 Qa5 16. Bf4 Rfc8 17. Ne5 Nxe5 18. Bxe5 Nd5 19. Bxd5 Bxd5 20. Qb3 Qb5 21. Rc2 Rc6 22. Rdc1 Rac8 23. h3 f6 24. Bg3 Kf7 25. Kh2 Ke8 26. Kg1 Kf7 27. Kh2 Ke8 28. Kg1 Kf7 29. Kh2 Ke8 30. Kg1 Kf7 1/2-1/2

[Event "GRE-chT Div-A 38th"]
[Site "Peristeri"]
[Date "2010.07.09"]
[Round "5"]
[White "Markantonaki, Haritomeni"]
[Black "Papadopoulou, Vera"]
[Result "1/2-1/2"]
[WhiteElo "2129"]
[BlackElo "2242"]
[PlyCount "29"]
[EventDate "2010.07.05"]
[EventType "team-swiss"]
[EventRounds "7"]
[EventCountry "GRE"]
[SourceTitle "CBM 137 Extra"]
[Source "ChessBase"]
[SourceDate "2010.09.01"]
[SourceVersion "1"]
[SourceVersionDate "2010.09.01"]
[SourceQuality "1"]

1. e4 e5 2. Nf3 Nc6 3. Bb5 a6 4. Ba4 Nf6 5. 0-0 Be7 6. c3 b5 7. Bb3 d6 8. Re1 0-0 9. d4 Bb7 10. h3 Re8 11. Ng5 Rf8 12. Nf3 Re8 13. Ng5 Rf8 14. Nf3 Re8 15. Ng5 1/2-1/2

[Event "GRE-chT Div-A 38th"]
[Site "Peristeri"]
[Date "2010.07.07"]
[Round "3"]
[White "Paganoglou, Anastasia"]
[Black "Papadopoulou, Vera"]
[Result "1-0"]
[WhiteElo "1974"]
[BlackElo "2242"]
[PlyCount "87"]
[EventDate "2010.07.05"]
[EventType "team-swiss"]
[EventRounds "7"]
[EventCountry "GRE"]
[SourceTitle "CBM 137 Extra"]
[Source "ChessBase"]
[SourceDate "2010.09.01"]
[SourceVersion "1"]
[SourceVersionDate "2010.09.01"]
[SourceQuality "1"]

1. e4 d5 2. exd5 Qxd5 3. Nf3 Nf6 4. Be2 g6 5. 0-0 Bg7 6. d4 0-0 7. c4 Qd8 8. Nc3 c6 9. Bf4 Nbd7 10. Qb3 Nh5 11. Be3 Qc7 12. Rfd1 b6 13. d5 Bb7 14. Nd4 Nf4 15. Qc2 Nxe2+ 16. Qxe2 cxd5 17. cxd5 Nf6 18. Ndb5 Qd7 19. Bf4 Qf5 20. Be5 Ba6 21. a4 Rad8 22. Rd4 Rd7 23. Rf4 Qh5 24. Qxh5 Nxh5 25. Re4 Rfd8 26. Bxg7 Kxg7 27. Rae1 Kf8 28. Rd4 Nf6 29. Red1 Bc8 30. d6 e6 31. Nc7 Bb7 32. f3 Nh5 33. N3b5 a6 34. Na3 Ng7 35. Nc4 Nf5 36. R4d2 Bc6 37. Ne5 Bxa4 38. Nxd7+ Rxd7 39. Ra1 b5 40. Nxa6 Rxd6 41. Rxd6 Nxd6 42. Nc5 Bc2 43. Rc1 Ba4 44. b3 1-0

[Event "EU-ch (Women) 11th"]
[Site "Rijeka"]
[Date "2010.03.12"]
[Round "7"]
[White "Movsesian, Julia"]
[Black "Papadopoulou, Vera"]
[Result "1/2-1/2"]
[WhiteElo "2313"]
[BlackElo "2228"]
[PlyCount "96"]
[EventDate "2010.03.06"]
[EventType "swiss"]
[EventRounds "11"]
[EventCountry "CRO"]
[SourceTitle "CBM 135 Extra"]
[Source "ChessBase"]
[SourceDate "2010.05.04"]
[SourceVersion "1"]
[SourceVersionDate "2010.05.04"]
[SourceQuality "1"]

1. e4 d5 2. exd5 Qxd5 3. Nf3 Nf6 4. d4 c6 5. c4 Qa5+ 6. Nbd2 g6 7. Bd3 Bg7 8. 0-0 0-0 9. Re1 Qc7 10. b3 c5 11. Bb2 cxd4 12. Bxd4 Nc6 13. Bc3 Bg4 14. h3 Bxf3 15. Nxf3 Rad8 16. Qc2 Rd7 17. Ne5 Nxe5 18. Bxe5 Qc6 19. Be2 Rfd8 20. Bf3 Qc5 21. Re2 Ne8 22. Rae1 Bxe5 23. Rxe5 Qa3 24. Qc3 a6 25. h4 e6 26. R5e2 Rc7 27. Qe3 Qa5 28. g3 h5 29. Qf4 Rcd7 30. Qh6 Ng7 31. Be4 Rd1 32. Rxd1 Rxd1+ 33. Kg2 Rd7 34. Qg5 Qb4 35. Qe5 Qe7 36. Qa5 Ne8 37. Bf3 Ng7 38. Rd2 Rxd2 39. Qxd2 Nf5 40. b4 e5 41. Qd5 Qxb4 42. c5 Qb2 43. Qxb7 Ne3+ 44. Kg1 Qc1+ 45. Kh2 Qc2 46. Kg1 Qc1+ 47. Kh2 Qc2 48. Kg1 Qc1+ 1/2-1/2

[Event "GRE-ch (Women)"]
[Site "Katakolo"]
[Date "2009.12.07"]
[Round "3"]
[White "Papadopoulou, Vera"]
[Black "Manelidou, Maria"]
[Result "1-0"]
[WhiteElo "2160"]
[BlackElo "2008"]
[PlyCount "107"]
[EventDate "2009.12.05"]
[EventType "tourn"]
[EventRounds "9"]
[EventCountry "GRE"]
[SourceTitle "CBM 133 Extra"]
[Source "ChessBase"]
[SourceDate "2010.01.05"]
[SourceVersion "1"]
[SourceVersionDate "2010.01.05"]
[SourceQuality "1"]

1. d4 e6 2. c4 f5 3. Nc3 Nf6 4. e3 d5 5. Bd3 c6 6. Nge2 Be7 7. Qc2 0-0 8. f3 Nbd7 9. Bd2 Bd6 10. 0-0 dxc4 11. Bxc4 Nb6 12. Bd3 Nh5 13. e4 g6 14. e5 Be7 15. Nd1 Rf7 16. b4 Bd7 17. a4 Rc8 18. Qb3 g5 19. Ne3 Qf8 20. a5 Nd5 21. Nxd5 cxd5 22. b5 Qg7 23. Rac1 Rb8 24. b6 a6 25. Rc7 Bd8 26. Rc2 Qh6 27. g3 Ng7 28. Kg2 Qg6 29. Bb4 Ne8 30. Nc3 h5 31. Na4 h4 32. Nc5 Qh5 33. Rh1 g4 34. f4 Rh7 35. Rcc1 Bg5 36. fxg5 Qxg5 37. Qb2 Qe3 38. Rhe1 Qf3+ 39. Kg1 hxg3 40. Qg2 Rxh2 41. Qxf3 gxf3 42. Red1 f4 43. Rc2 f2+ 44. Rxf2 Rxf2 45. Nxd7 Rd8 46. Nc5 f3 47. Rd2 Rxd2 48. Bxd2 Ng7 49. Nxb7 Rb8 50. Nc5 Nf5 51. Bxf5 exf5 52. Bf4 Kh7 53. Bxg3 Rg8 54. Kf2 1-0

[Event "GRE-ch (Women)"]
[Site "Katakolo"]
[Date "2009.12.06"]
[Round "2"]
[White "Kouvatsou, Maria"]
[Black "Papadopoulou, Vera"]
[Result "1/2-1/2"]
[WhiteElo "2156"]
[BlackElo "2160"]
[PlyCount "108"]
[EventDate "2009.12.05"]
[EventType "tourn"]
[EventRounds "9"]
[EventCountry "GRE"]
[SourceTitle "CBM 133 Extra"]
[Source "ChessBase"]
[SourceDate "2010.01.05"]
[SourceVersion "1"]
[SourceVersionDate "2010.01.05"]
[SourceQuality "1"]

1. e4 c5 2. Nf3 d6 3. Bb5+ Bd7 4. Bxd7+ Qxd7 5. c4 Nf6 6. Nc3 g6 7. 0-0 Bg7 8. d4 cxd4 9. Nxd4 0-0 10. f3 Nc6 11. Be3 Qd8 12. Kh1 Nd7 13. b3 Qa5 14. Rc1 Nc5 15. Nd5 Qd8 16. Qd2 a5 17. Nb5 Nb4 18. Rcd1 Nba6 19. Bg5 Re8 20. Qe2 Ne6 21. Bc1 Rc8 22. f4 Nec7 23. Nbxc7 Nxc7 24. Bb2 Bxb2 25. Qxb2 Nxd5 26. Rxd5 Qb6 27. Qd2 a4 28. Rb5 Qc6 29. e5 axb3 30. axb3 Red8 31. Qf2 dxe5 32. fxe5 Rf8 33. h3 f6 34. Rb6 Qc5 35. Rxb7 fxe5 36. Qxc5 Rxf1+ 37. Qg1 Rxg1+ 38. Kxg1 Kf7 39. Kf2 Ke6 40. Ke3 h5 41. Ke4 Rc6 42. Rb5 h4 43. Rxe5+ Kf6 44. Rd5 Re6+ 45. Kf3 Re1 46. Rd3 Rc1 47. g3 hxg3 48. Kxg3 Kf5 49. Kf3 e5 50. Ke3 Rc2 51. Rd2 Rc3+ 52. Rd3 Rc2 53. Rd2 Rc3+ 54. Rd3 Rc2 1/2-1/2

[Event "GRE-ch (Women)"]
[Site "Katakolo"]
[Date "2009.12.05"]
[Round "1"]
[White "Pavlidou, Ekaterini"]
[Black "Papadopoulou, Vera"]
[Result "0-1"]
[WhiteElo "2179"]
[BlackElo "2160"]
[PlyCount "82"]
[EventDate "2009.12.05"]
[EventType "tourn"]
[EventRounds "9"]
[EventCountry "GRE"]
[SourceTitle "CBM 133 Extra"]
[Source "ChessBase"]
[SourceDate "2010.01.05"]
[SourceVersion "1"]
[SourceVersionDate "2010.01.05"]
[SourceQuality "1"]

1. d4 Nf6 2. c4 g6 3. Nc3 Bg7 4. e4 d6 5. Nf3 0-0 6. Be2 Bg4 7. Ng1 Bxe2 8. Ngxe2 Nfd7 9. 0-0 c5 10. d5 Na6 11. f4 Nc7 12. Be3 b5 13. cxb5 a6 14. bxa6 Rxa6 15. Qc2 Qb8 16. b3 Qb7 17. a4 Rb8 18. Rfb1 e6 19. Qd3 exd5 20. exd5 Nf6 21. Rf1 Nfxd5 22. Bd2 Nb4 23. Qh3 f5 24. g4 d5 25. gxf5 d4 26. Nb5 Nxb5 27. axb5 Rxa1 28. Rxa1 d3 29. Nc3 Bd4+ 30. Be3 Bxc3 31. Rc1 d2 32. Rf1 Qe4 33. fxg6 hxg6 34. Bxc5 Bd4+ 35. Bxd4 Qxd4+ 36. Kg2 Qd5+ 37. Qf3 Rxb5 38. Rd1 Na2 39. Kf2 Qxf3+ 40. Kxf3 Rxb3+ 41. Kf2 Nc3 0-1

[Event "Athens Acropolis op-A 24th"]
[Site "Chalkida"]
[Date "2009.08.18"]
[Round "9.43"]
[White "Yildiz Kadioglu, Betul Cemre"]
[Black "Papadopoulou, Vera"]
[Result "1/2-1/2"]
[WhiteElo "2217"]
[BlackElo "2160"]
[PlyCount "33"]
[EventDate "2009.08.10"]
[EventType "swiss"]
[EventRounds "9"]
[EventCountry "GRE"]
[SourceTitle "CBM 131 Extra"]
[Source "ChessBase"]
[SourceDate "2009.09.03"]
[SourceVersion "2"]
[SourceVersionDate "2009.09.16"]
[SourceQuality "1"]

1. e4 c5 2. Nf3 d6 3. d4 cxd4 4. Nxd4 Nf6 5. f3 Nc6 6. c4 Nxd4 7. Qxd4 g6 8. Nc3 Bg7 9. Be3 0-0 10. Qd2 a5 11. b3 Bd7 12. Bd3 Bc6 13. 0-0 Nd7 14. Rac1 Nc5 15. Rfd1 Qb6 16. Qf2 Rfc8 17. Ne2 1/2-1/2

[Event "Athens Acropolis op-A 24th"]
[Site "Chalkida"]
[Date "2009.08.11"]
[Round "2"]
[White "Papadopoulou, Vera"]
[Black "Vragoteris, Antonios"]
[Result "0-1"]
[WhiteElo "2160"]
[BlackElo "2266"]
[PlyCount "76"]
[EventDate "2009.08.10"]
[EventType "swiss"]
[EventRounds "9"]
[EventCountry "GRE"]
[SourceTitle "CBM 131 Extra"]
[Source "ChessBase"]
[SourceDate "2009.09.03"]
[SourceVersion "2"]
[SourceVersionDate "2009.09.16"]
[SourceQuality "1"]

1. d4 Nf6 2. c4 e6 3. Nc3 Bb4 4. Nf3 c5 5. g3 cxd4 6. Nxd4 0-0 7. Bg2 d5 8. cxd5 Nxd5 9. Bd2 Bxc3 10. bxc3 e5 11. Nb3 Nc6 12. 0-0 Nde7 13. Be3 Qc7 14. Bc5 Rd8 15. Qc2 Bf5 16. Qb2 Rd7 17. Rad1 Rad8 18. Rxd7 Rxd7 19. Ba3 b6 20. c4 f6 21. Rc1 Qd8 22. h3 a5 23. Bxe7 Nxe7 24. c5 bxc5 25. Nxc5 Rc7 26. Qb3+ Kh8 27. Rd1 Qc8 28. Qb6 h5 29. Kh2 Kh7 30. Nb7 Rc2 31. Nd6 Qe6 32. Qd8 Rxe2 33. Qe8 Bg6 34. Qf8 Rxf2 35. Ne8 Rxg2+ 36. Kxg2 Qc6+ 37. Kg1 Bxe8 38. Qxe7 Qf3 0-1

[Event "Athens Acropolis op-A 24th"]
[Site "Chalkida"]
[Date "2009.08.10"]
[Round "1"]
[White "Yilmaz, Mustafa"]
[Black "Papadopoulou, Vera"]
[Result "1-0"]
[WhiteElo "2432"]
[BlackElo "2160"]
[PlyCount "45"]
[EventDate "2009.08.10"]
[EventType "swiss"]
[EventRounds "9"]
[EventCountry "GRE"]
[SourceTitle "CBM 131 Extra"]
[Source "ChessBase"]
[SourceDate "2009.09.03"]
[SourceVersion "2"]
[SourceVersionDate "2009.09.16"]
[SourceQuality "1"]

1. e4 c5 2. Nf3 d6 3. d4 cxd4 4. Nxd4 Nf6 5. Nc3 a6 6. Bg5 e6 7. f4 Be7 8. Qf3 Qc7 9. 0-0-0 Nbd7 10. g4 b5 11. Bxf6 Nxf6 12. g5 Nd7 13. f5 Bxg5+ 14. Kb1 Nf6 15. fxe6 fxe6 16. Bxb5+ axb5 17. Ndxb5 Qa5 18. Nxd6+ Ke7 19. h4 Bh6 20. e5 Bd7 21. Nf5+ exf5 22. exf6+ gxf6 23. Rhe1+ 1-0

[Event "GRE-chT 37th"]
[Site "Kallithea"]
[Date "2009.07.07"]
[Round "7"]
[White "Fakhiridou, Ekaterini"]
[Black "Papadopoulou, Vera"]
[Result "1/2-1/2"]
[WhiteElo "2277"]
[BlackElo "2160"]
[PlyCount "46"]
[EventDate "2009.07.03"]
[EventType "team-tourn"]
[EventRounds "9"]
[EventCountry "GRE"]
[SourceTitle "CBM 131 Extra"]
[Source "ChessBase"]
[SourceDate "2009.09.03"]
[SourceVersion "2"]
[SourceVersionDate "2009.09.16"]
[SourceQuality "1"]

1. e4 c5 2. Nf3 d6 3. d4 cxd4 4. Nxd4 Nf6 5. Nc3 a6 6. Be3 e5 7. Nb3 Be7 8. Qd2 Be6 9. 0-0-0 b5 10. f3 Nbd7 11. g4 Nb6 12. g5 Nfd7 13. Nd5 Bxd5 14. exd5 Rc8 15. Na5 Nxd5 16. Qxd5 Qxa5 17. Kb1 Qc7 18. Bd3 Qc6 19. Be4 Qxd5 20. Bxd5 Rc7 21. h4 Rf8 22. Rd3 b4 23. Rc1 Nc5 1/2-1/2

[Event "EU-ch (Women) 10th"]
[Site "St Petersburg"]
[Date "2009.03.16"]
[Round "8"]
[White "Papadopoulou, Vera"]
[Black "Alekseeva, Alena"]
[Result "1/2-1/2"]
[WhiteElo "2190"]
[BlackElo "2039"]
[PlyCount "88"]
[EventDate "2009.03.08"]
[EventType "swiss"]
[EventRounds "11"]
[EventCountry "RUS"]
[SourceTitle "CBM 129 Extra"]
[Source "ChessBase"]
[SourceDate "2009.05.05"]
[SourceVersion "2"]
[SourceVersionDate "2009.05.20"]
[SourceQuality "1"]

1. d4 d5 2. c4 e6 3. Nc3 Nf6 4. cxd5 exd5 5. Bg5 c6 6. e3 Qb6 7. Qc1 Ne4 8. Bf4 Bb4 9. Bd3 Bf5 10. Qc2 Qa5 11. Nge2 Nxc3 12. bxc3 Bxd3 13. Qxd3 Be7 14. 0-0 Nd7 15. Rfb1 b6 16. a4 Rc8 17. Nc1 c5 18. Rb5 Qa6 19. dxc5 Rxc5 20. Nb3 Rxb5 21. axb5 Qb7 22. Nd4 Nc5 23. Qf5 Bf6 24. Bd6 Bxd4 25. exd4 Ne6 26. Qe5 Kd7 27. f4 f6 28. Qe3 Kxd6 29. Re1 Re8 30. f5 Nc7 31. Qg3+ Kd7 32. Qxg7+ Kc8 33. Re7 Rxe7 34. Qxe7 Kb8 35. Qxf6 Qc8 36. g4 Qe8 37. Kf2 Qxb5 38. g5 Qb2+ 39. Kg3 Qxc3+ 40. Kg4 Qc2 41. h4 Qe2+ 42. Kg3 Qe3+ 43. Kg4 Qe2+ 44. Kg3 Qe3+ 1/2-1/2

[Event "EU-ch (Women) 10th"]
[Site "St Petersburg"]
[Date "2009.03.13"]
[Round "6"]
[White "Papadopoulou, Vera"]
[Black "Grigoryeva, Olga A"]
[Result "1-0"]
[WhiteElo "2190"]
[BlackElo "2016"]
[PlyCount "77"]
[EventDate "2009.03.08"]
[EventType "swiss"]
[EventRounds "11"]
[EventCountry "RUS"]
[SourceTitle "CBM 129 Extra"]
[Source "ChessBase"]
[SourceDate "2009.05.05"]
[SourceVersion "2"]
[SourceVersionDate "2009.05.20"]
[SourceQuality "1"]

1. d4 d5 2. c4 e6 3. Nc3 c6 4. e3 f5 5. b3 Bd6 6. Bb2 Nf6 7. g3 0-0 8. Bg2 Bd7 9. Nf3 Be8 10. 0-0 Nbd7 11. Qc1 Qe7 12. a4 Ne4 13. Ne2 g5 14. Ne5 Bh5 15. f3 Nef6 16. e4 fxe4 17. Qxg5+ Qg7 18. Qxg7+ Kxg7 19. Nf4 exf3 20. Bh3 f2+ 21. Rxf2 Bf7 22. Bxe6 Ne4 23. Bxd7 Nxf2 24. Kxf2 Bg8 25. Kg2 Rad8 26. c5 Bb8 27. Re1 Kh6 28. Bc1 Kg7 29. Nh5+ Kh8 30. Bh6 Bxe5 31. dxe5 Bf7 32. e6 Bxh5 33. e7 Rg8 34. exd8Q Rxd8 35. Re7 d4 36. Bg7+ Kg8 37. Be6+ Bf7 38. Rxf7 Re8 39. Re7# 1-0